000 00775cam a2200253 i 4500
999 _c5551
_d5551
001 3650654
003 OSt
005 20220420112512.0
008 780203s1976 miua 000 0 eng
010 _a 76000520
040 _aDLC
_cALU[E UNIVERSITY
_dDLC
050 0 0 _aRE78
_b.P38
082 0 0 _a617.71
100 1 _aPaton, David.
245 1 0 _aIntroduction to ophthalmoscopy /
_cDavid Paton, Barry N. Hyman, Johnny Justice, Jr.
260 _aKalamazoo, Mich. :
_bUpjohn Co.,
_cc1976.
300 _a92 p. :
_bcol. ill. ;
_c29 cm.
500 _a"A Scope publication."
650 0 _aOphthalmoscopy.
700 1 _aHyman, Barry N.,
_ejoint author.
700 1 _aJustice, Johnny,
_ejoint author.
906 _a7
_bcbc
_corignew
_d2
_eocip
_f19
_gy-gencatlg
942 _2lcc
_cBK
_nAB